| 000 | 00592nam a22001817a 4500 | ||
|---|---|---|---|
| 999 |
_c31499 _d31499 |
||
| 005 | 20200917110301.0 | ||
| 008 | 200917b ||||| |||| 00| 0 hin d | ||
| 020 | _a9789380601700 | ||
| 040 | _aNISER LIBRARY | ||
| 041 | _aEnglish | ||
| 082 |
_a316.42 _bSOL-G |
||
| 100 | _aSolomon, Rakesh H. | ||
| 245 | _aGlobalization, nationalism andthe text of kichaka-vadha: the first english translation of the marathi anticolonial classic, with a histrorical analysis of theater in British India | ||
| 260 |
_aLondon _bAnthem press _c2015 |
||
| 300 | _axi, 166p. | ||
| 650 | _aDRAMA | ||
| 942 | _cBK | ||